000 00419nam a2200157Ia 4500
008 240729s9999 xx 000 0 und d
022 _a2399-2026
245 0 _aMedicine Access @ Point of Care
260 _aUnited Kingdom
260 _bSAGE Publishing
650 _a Medicine (General)
650 _aMedicine
856 _uhttps://doaj.org/toc/3d35b1e2c56443888ce9db09080021b7
942 _2ddc
942 _cDOAJEJ
999 _c67668
_d67668
945 _a1
_bMadushi Gamage
_c1
_dMadushi Gamage